| 000 | 01424cam a22004217a 4500 | ||
|---|---|---|---|
| 003 | CHAP | ||
| 005 | 20220817043948.0 | ||
| 008 | 040928d2004 it a rn 00110 eng d | ||
| 010 | _a88864 | ||
| 011 | _a89836 | ||
| 020 | _a9251050457 | ||
| 035 | _a100387 | ||
| 040 | _cCHAP | ||
| 082 | 0 | 4 |
_a639.3731 _bF4 |
| 110 | 2 | _aFAO | |
| 245 | 1 | 0 |
_aField identification guide to the sharks and rays of the red sea and Gulf of Aden _c/by Ramón Bonfil and Mohamed Abdallah |
| 260 |
_aRoma : _bFAO, _c2004. |
||
| 300 |
_a71 p. : p. : _bilus. + 12 láms. |
||
| 410 | _aFAO | ||
| 490 | 0 | _aGuía para la identificación de especies para los fines de la pesca | |
| 590 |
_aBATCH-UPD _b10 _c20130110 _lUCH01 _h0529 |
||
| 590 |
_aBATCH-UPD _b10 _c20130110 _lUCH01 _h2229 |
||
| 590 |
_aBATCH-UPD _b10 _c20130410 _lUCH01 _h0209 |
||
| 590 |
_aBATCH-UPD _b10 _c20130913 _lUCH01 _h1812 |
||
| 590 |
_aBATCH-UPD _b10 _c20130914 _lUCH01 _h1346 |
||
| 590 |
_aCONVERSION _b10 _c20130109 _lUCH01 _h1349 |
||
| 650 | 1 | 4 |
_aPesca _zArabia. _987416 |
| 650 | 1 | 4 |
_aPesca _zGolfo de Aden. _987420 |
| 650 | 1 | 4 |
_aTiburón. _9113033 |
| 700 | 0 | 0 |
_aAbdallah, Mohamed. _9175 |
| 700 | 0 | 0 |
_aBonfil, Ramón G. _913676 |
| 810 | 0 | _aFAO | |
| 830 | 0 |
_aGuía para la identificación de especies para los fines de la pesca _951494 |
|
| 901 | _aBK | ||
| 905 | _aAlejandra Carrasco M. | ||
| 942 | _cLIBRO | ||
| 949 |
_a639.3731 F4 _bBC _cFAO _d1003871 _eFAO1 _h104664 _i100387 _sb |
||
| 999 |
_c88864 _d88864 |
||